Ochrana lesa

Bibliographic Details
Main Authors: Stolina, Miroslav, 1923-2004 (Author), Kodrík, Jozef, 1930-2015 (Author), Hlaváč, Pavol (Author), Novotný, Július, 1954- (Author), Konôpka, Jozef, 1940- (Author)
Format: Book
Language:Slovak
PhysicalDescription:255 s. 30 cm
Published: Vo Zvolene Technická univerzita 2001
ISBN:8022810673
Subjects:

MARC

LEADER 00000nam a2200000 a 4500
001 vtls001432149
003 SK-MaSNL
005 20260430045345.0
008 251117s2001 xo ap r 0yy slo
015 |a SNBA2002/07-02435 
020 |a 8022810673 
035 |a SNK000387206 
035 |a urn:nbn:sk:snk-amyh6d 
035 |a urn:nbn:sk:snk-am00ckfc 
035 |a 2D52BEA8-14CD-4E74-886D-6CBDFBCC16F1 
040 |a SNK  |b slo  |c SNK  |e AACR2 
041 0 |a slo 
044 |a xo  |c SK 
080 |a 630*4(075.8)  |2 1981 
245 0 |a Ochrana lesa  |c Miroslav Stolina ... [et al.] 
260 |a Vo Zvolene  |b Technická univerzita  |c 2001 
300 |a 255 s.  |c 30 cm 
500 |a 300 výt. 
504 |a Bibliogr. s. 255. Angl.-slov. slovník používanych lesnícko-ochranárskych výrazov 
650 0 7 |a ochrana lesa  |2 SNK  |9 2455 
655 7 |a Textbooks (higher)  |2 SNKPHeng  |9 276436 
655 7 |a učebnice vysokých škôl  |2 SNKPH  |9 70191 
700 1 |a Stolina, Miroslav,  |d 1923-2004  |4 aut  |9 85875 
700 1 |a Kodrík, Jozef,  |d 1930-2015  |4 aut  |9 109126 
700 1 |a Hlaváč, Pavol  |4 aut  |9 11176 
700 1 |a Novotný, Július,  |d 1954-  |4 aut  |9 89186 
700 1 |a Konôpka, Jozef,  |d 1940-  |4 aut  |9 89185 
752 |d Zvolen 
919 |a 80-228-1067-3 
958 |a TL 
958 |a NB 
958 |a UV 
999 |c 900053  |d 901983 
952 |t P60, <03>, [BOOK], {603}  |a SNK  |b SNK  |y PREZ  |7 0  |p 17A0340001  |o snkSB 64887  |i snkKSP 4186/2002  |0 0  |1 0  |4 0  |d 2002-04-12  |f 1  |l 0  |r 2025-04-14 00:00:00  |w 2026-02-24 
952 |t P60, <04>, [BOOK], {604}  |a SNK  |b SNK  |y VYP  |7 0  |p 17A0340002  |o snkSB 64887 D1  |i snkKSP 4187/2002  |0 0  |1 0  |4 0  |d 2002-04-12  |l 0  |r 2005-01-02 00:00:00  |w 2026-02-24